=LDR 00000nam 2200000 4500 =001 INLIS000000000029737 =005 20130612131938 =008 ***********************************Ind** =035 ##$$0010-061300000029737 =041 ##$$a Ind =082 ##$$a 618.92 =090 ##$$a 618.92, Efe p =100 ##$$a Efendi, Mohammad =245 ##$$a Pengantar psikopedaggogik anak berlainan, Muhammah Efendi =260 ##$$a 2006 $b jakarta =300 ##$$a xv, 169 hlm, ilus, 23 cm =650 ##$$a Psikologi anak berkelainan =850 ##$$a NBPNMAT